01004nam a2200265 a 450000100100000000500170001000800410002704000250006804100130009308200150010610000370012124000350015824500900019326000340028330000280031749000200034553400430036565000350040865100650044370000360050870000340054483000270057895201180060599900150072300000344720200929150439.0720905s1974 mx a 001 0aspa  aDO-SdBNPbspacBNPHU17aspaheng a813bH417n1 aHayes, Helen,d1900-1993.91074210aTwice over lightly.lEspañol10aNueva York antes y ahora /cHelen Hayes y Anita Loos ; traducción, Ramón Frausto. aMéxico :bAsociados,c1974. a294 p. :bil. ;c20 cm.1 aHistoria Actual aTítulo original:tTwice over lightly 4aLiteratura estadounidense9263 4aNew York (Estados Unidos{Rpara}xCondiciones Sociales9107431 aLoos, Anita,d1893-1981,9107441 aFrausto, Ramón,etr.910745 0aHistoria Actual910746 001054708MOaGRbGRcCTd2010-03-23iLF1l0o813 H417np3447-10r2020-06-25w2020-06-25y4ZPréstamo en sala c3277d3277